Statistiques concernant Chanteurs anglophones par photo #2

Cliquez ici pour prendre le quiz!

Statistiques générales

  • Ce quiz a été pris 416 fois
  • Le résultat moyen est 12 sur 20

Statistiques - réponses

Réponse% Correct
Adèle
95%
Katy Perry
88%
Britney Spears
85%
Pink
84%
Elton John
83%
Harry Styles
81%
Miley Cyrus
80%
Justin Timberlake
77%
Sia
61%
Whitney Houston
54%
Frank Sinatra
48%
Stevie Wonder
47%
Paul McCartney
46%
Alicia Keys
45%
Usher
44%
Avril Lavigne
39%
Phil Collins
26%
Michael Bublé
24%
Jorja Smith
23%
Bob Dylan
21%

Distribution des résultats

Percentile par nombre de réponses

% des personnes avec chaque résultat

Votre développement - résultats

Vous n’avez pas pris ce quiz